| 000 | 00692nam a22002057a 4500 | ||
|---|---|---|---|
| 999 |
_c168086 _d168086 |
||
| 005 | 20190926120637.0 | ||
| 010 | _aENG-126558 | ||
| 020 |
_c575.00 _a9789353168049 |
||
| 035 | _aEN-110090 | ||
| 037 | _bDBAD/PUB | ||
| 082 | _a004.019 | ||
| 100 | _aBhattacharya,Samit | ||
| 245 |
_aHuman - Computer Interaction : _cBy Balagurusamy _bUser-Centric computing for Design/ |
||
| 260 |
_aChennai _bMcGraw Hill Education (India)Private Limited _c2019 |
||
| 270 |
_bChennai _a444/1,Sri Ekambara Naicker Industrial Estate,Alapakkam,Porur _e600116 |
||
| 300 |
_a320p. _c25cm,(pbk) |
||
| 700 | _aBy Fair, Ray C. | ||
| 700 | _aBy Oster, Sharon E. | ||
| 942 |
_2ddc _cEN _h004.019 _mBHA |
||